The 50 Best Footballers of the 2000s - Statistics

General Stats
  • This quiz has been taken 6,177 times
  • The average score is 27 of 50
Answer Stats
Rank Player % Correct
5 Cristiano Ronaldo
99%
7 Ronaldo
99%
10 Lionel Messi
98%
1 Ronaldinho
86%
2 Zinedine Zidane
82%
26 David Beckham
76%
4 Thierry Henry
76%
8 Andrés Iniesta
75%
6 Xavi
75%
3 Kaká
70%
11 Wayne Rooney
70%
14 Frank Lampard
67%
32 Paolo Maldini
67%
12 Steven Gerrard
67%
45 Gianluigi Buffon
64%
25 Iker Casillas
61%
41 Roberto Carlos
59%
9 Zlatan Ibrahimović
59%
29 Didier Drogba
57%
28 Carles Puyol
56%
38 Fabio Cannavaro
56%
18 Paul Scholes
56%
27 Andrea Pirlo
55%
31 Luís Figo
53%
16 Rio Ferdinand
52%
24 Rivaldo
52%
39 Oliver Kahn
51%
13 Samuel Eto'o
51%
23 Alessandro Nesta
48%
20 Andriy Shevchenko
48%
17 Fernando Torres
48%
43 Cafu
47%
19 John Terry
45%
40 Ryan Giggs
45%
15 Raúl
44%
35 Pavel Nedvěd
43%
37 Ruud van Nistelrooy
43%
33 David Villa
42%
34 Patrick Vieira
42%
21 Ashley Cole
40%
36 Nemanja Vidić
40%
47 Edwin van der Sar
38%
30 Francesco Totti
38%
50 Petr Čech
34%
44 Xabi Alonso
34%
42 Michael Ballack
32%
22 Claude Makélélé
26%
46 Javier Zanetti
26%
49 Juan Román Riquelme
14%
48 Henrik Larsson
11%
No matching quizzes found
Score Distribution
Percent of People with Each Score
Percentile by Number Answered
Your Score History
You have not taken this quiz